Normal view
MARC view
- Justicia
Entry Materia
001 - NÚMERO DE CONTROL DEL REGISTRO
- campo de control: 19268
003 - IDENTIFICADOR DE NUMERO DE CONTROL
- campo de control: MX-MxUPN
005 - FECHA Y HORA DE LA ÚLTIMA TRANSACCIÓN
- campo de control: 20231016105443.0
008 - DATOS DE LONGITUD FIJA
- campo de control de longitud fija: 231016dn fnnnnbaba n ana d
035 ## - NÚMERO DE CONTROL DEL SISTEMA
- Número de control del sistema: UPN10000019277
040 ## - FUENTE DE LA CATALOGACIÓN
- Lengua de catalogación: spa
- Centro catalogador de origen: MX-MxUPN
150 ## - ENCABEZAMIENTO - TEMÁTICO
- Término de materia o nombre geográfico como elemento inicial: Justicia
- Subdivisión de materia general: Administración
- Subdivisión geográfica: México
670 ## - FUENTE EN LA QUE SE LOCALIZARON DATOS
- Cita de la fuente: Escamilla González, G. Lista de encabezamientos de materia, 1978 :
- Información localizada: página 492 (Justicia -- Administración -- México)
902 ## - CATALOGADOR
- Catalogador: MMA/141011
- Catalogador: VíctorGodínez/161023
